Multigrid Methods
Αποθηκεύτηκε σε:
| Κύριος συγγραφέας: | |
|---|---|
| Μορφή: | Βιβλίο |
| Γλώσσα: | English |
| Δημοσίευση: |
Harlow, Essex, England : New York :
Longman Scientific & Technical, Copubished in the U.S. with J. Wiley & Sons,
1993
|
| Σειρά: | Pitman research notes in mathematics series ;
; 294 |
| Θέματα: | |
| Ετικέτες: |
Προσθήκη ετικέτας
Δεν υπάρχουν, Καταχωρήστε ετικέτα πρώτοι!
|
MARC
| LEADER | 00000cam a2200000 i 4500 | ||
|---|---|---|---|
| 001 | 1/39890 | ||
| 008 | 941103s1993 eng d | ||
| 020 | |a 0582234352 | ||
| 020 | |a 0470233524 | ||
| 035 | |l 10041120 | ||
| 035 | |a 1993 | ||
| 040 | |a GR-MY-UA |b gre |e aacr | ||
| 041 | 0 | |a eng | |
| 082 | 0 | |a 519.4 |2 (20) | |
| 100 | 1 | |a Bramble, J. H. |q (James H.) | |
| 245 | 1 | 0 | |a Multigrid Methods / |c James H. Bramble |
| 260 | |a Harlow, Essex, England : |a New York : |b Longman Scientific & Technical, |b Copubished in the U.S. with J. Wiley & Sons, |c 1993 | ||
| 300 | |a 161 p.; |b ill.; |c 25 cm | ||
| 490 | 1 | |a Pitman research notes in mathematics series |v ; 294 | |
| 504 | |a Includes bibliographical references (p. 151-158) and index | ||
| 650 | 0 | 0 | |a Multigrid methods (Numerical analysis) |
| 830 | 0 | |a Pitman research notes in mathematics series ; |v ; 294 | |
| 852 | |a INST |b SAMOS |e 19941103 |h 519.4 BRA |p 005300007187 |q 005300007187 |t BK |y 0 | ||
| 909 | |a Σ |b 030588 | ||